00372 2200157 4500001002100000008004100021035002000062245004000082100001200122250000600134260002600140084001400166082000800180650001400188990001200202INLIS000000000001536 ind  a0010-0125000034 aEconomics 1A ( Bilingual )cAlam S. aAlam S. a1 aJakarta :bESISc2010 a330 ALA e a330 aNon Fiksi a0715285